Evolutionary naturalism : (Record no. 123069)
[ view plain ]
| 000 -LEADER | |
|---|---|
| fixed length control field | 01558fam a2200313 a 4500 |
| 001 - CONTROL NUMBER | |
| control field | 1607103 |
| 005 - DATE AND TIME OF LATEST TRANSACTION | |
| control field | 20150818151222.0 |
| 008 - FIXED-LENGTH DATA ELEMENTS--GENERAL INFORMATION | |
| fixed length control field | 940512s1995 enk b 001 0 eng |
| 010 ## - LIBRARY OF CONGRESS CONTROL NUMBER | |
| LC control number | 94018435 |
| 020 ## - INTERNATIONAL STANDARD BOOK NUMBER | |
| International Standard Book Number | 0415089972 |
| 035 ## - SYSTEM CONTROL NUMBER | |
| System control number | (OCoLC)30545339 |
| 035 ## - SYSTEM CONTROL NUMBER | |
| System control number | (OCoLC)ocm30545339 |
| 035 ## - SYSTEM CONTROL NUMBER | |
| System control number | (NNC)1607103 |
| 040 ## - CATALOGING SOURCE | |
| Original cataloging agency | DLC |
| Transcribing agency | DLC |
| Modifying agency | NNC |
| -- | OrLoB |
| 050 00 - LIBRARY OF CONGRESS CALL NUMBER | |
| Classification number | B818 |
| Item number | .R87 1994 |
| 082 00 - DEWEY DECIMAL CLASSIFICATION NUMBER | |
| Classification number | 146/.7 |
| Edition number | 20 |
| 100 1# - MAIN ENTRY--PERSONAL NAME | |
| Personal name | Ruse, Michael. |
| 9 (RLIN) | 13209 |
| 245 10 - TITLE STATEMENT | |
| Title | Evolutionary naturalism : |
| Remainder of title | selected essays / |
| Statement of responsibility, etc | Michael Ruse. |
| 260 ## - PUBLICATION, DISTRIBUTION, ETC. (IMPRINT) | |
| Place of publication, distribution, etc | London ; |
| -- | New York : |
| Name of publisher, distributor, etc | Routledge, |
| Date of publication, distribution, etc | 1995. |
| 263 ## - PROJECTED PUBLICATION DATE | |
| Projected publication date | 9412 |
| 300 ## - PHYSICAL DESCRIPTION | |
| Extent | x, 316 p. ; |
| Dimensions | 23 cm. |
| 504 ## - BIBLIOGRAPHY, ETC. NOTE | |
| Bibliography, etc | Includes bibliographical references (p. 292-310) and index. |
| 505 2# - FORMATTED CONTENTS NOTE | |
| Formatted contents note | 1. Ought Philosophers Consider Scientific Discovery?: A Darwinian case study -- 2. Are Pictures Really Necessary?: The case of Sewall Wright's 'adaptive landscapes' -- 3. Controversy in Palaeontology: The theory of punctuated equilibria -- 4. A Threefold Parallelism for Our Time?: Progressive development in society, science and the organic world -- 5. Scientific Change is a Family Affair! -- 6. The View from Somewhere: A critical defence of evolutionary epistemology -- 7. Evolutionary Biology and Cultural Values: Is it irremediably corrupt? -- 8. Evolution and Ethics: The sociobiological approach -- 9. Evolutionary Ethics: The debate continues. |
| 650 #0 - SUBJECT ADDED ENTRY--TOPICAL TERM | |
| Topical term or geographic name as entry element | Evolution. |
| 9 (RLIN) | 16208 |
| 650 #0 - SUBJECT ADDED ENTRY--TOPICAL TERM | |
| Topical term or geographic name as entry element | Evolution (Biology) |
| 9 (RLIN) | 10545 |
| 650 #0 - SUBJECT ADDED ENTRY--TOPICAL TERM | |
| Topical term or geographic name as entry element | Ethics, Evolutionary. |
| 9 (RLIN) | 18651 |
| 900 ## - EQUIVALENCE OR CROSS-REFERENCE-PERSONAL NAME [LOCAL, CANADA] | |
| Numeration | TOC |
| 942 ## - ADDED ENTRY ELEMENTS (KOHA) | |
| Source of classification or shelving scheme | Library of Congress Classification |
| Item type | Monograph ( Printed materials) |
| Withdrawn status | Lost status | Source of classification or shelving scheme | Damaged status | Not for loan | Collection code | Home library | Current library | Shelving location | Date acquired | Total Checkouts | Full call number | Barcode | Date last seen | Price effective from | Koha item type |
|---|---|---|---|---|---|---|---|---|---|---|---|---|---|---|---|
| Library of Congress Classification | Main Collection | ARRUPE LIBRARY | ARRUPE LIBRARY | Main Collection | 18/08/2015 | B818 .R87 1994 | 46003009214 | 18/08/2015 | 18/08/2015 | Monograph ( Printed materials) |